000 00864nac a22002537a 4500
001 BR7305840
003 BR-BrBNA
005 20240105113533.0
008 230509b bl.|||m| |||| 00| 0 por d
040 _aBR-BrBNA
_bpor
_cBiblioteca Nacional de Agricultura
072 _aM00
090 _aM00 BR7305840
110 1 _aPrograma de Pesquisa e Desenvolvimento Pesqueiro do Brasil, Brasilia, DF
_97975
245 1 _aPesca exploratoria com a utilizacao de espinhel de fundo [Rio Grande do Sul; Litoral; Brasil]
260 3 _aBrasilia, DF (Brasil):
_c1976.
300 _a5 p.
490 _aNavio de Pesquisa Mestre Jeronimo. Relatorio do Cruzeiro (Brazil)
_vno. 1
_x
650 _aPesca
650 _aDesenvolvimento pesqueiro
650 _aLitoral
650 _aRio Grande do Sul
909 _a202312
_bLúcia Elande
_c55
_dLúcia Elande
942 _2AGRIS
_n0
_cMS
999 _c264302
_d264302